| 000 | 00754nam a2200181Ia 4500 | ||
|---|---|---|---|
| 008 | 151018s9999 xx 000 0 und d | ||
| 082 |
_bRBASDV36503 _a891.462 |
||
| 100 | _aदिनकर नीलकंठ देशपांडे | ||
| 245 | _aचोरा येशिल कधी परतून | ||
| 250 | _b1 | ||
| 260 |
_bप्रियदर्शनी प्रकाशन कोल्हापूर _c1976 |
||
| 300 | _a60 | ||
| 600 | _aदिनकर नीलकंठ देशपांडे | ||
| 630 | _aचोरा येशिल कधी परतून | ||
| 700 | _aदिनकर नीलकंठ देशपांडे | ||
| 730 | _aचोरा येशिल कधी परतून | ||
| 942 | _cBOOK | ||
| 999 |
_c1035950 _d1035947 |
||